| 000 | 01405naa a22003257a 4500 | ||
|---|---|---|---|
| 001 | BR8802155 | ||
| 003 | BR-BrBNA | ||
| 005 | 20240918180001.0 | ||
| 007 | ta | ||
| 008 | 230509b bl.||||| |||| 00| 0 por d | ||
| 040 |
_aBR-BrBNA _bpor _cBiblioteca Nacional de Agricultura |
||
| 041 | _a(Pt) | ||
| 072 |
_aF60; F04 _b3290 _b3530 |
||
| 090 | _aF60 BR8802155 | ||
| 100 | 1 | _aRosa, P.R.F. | |
| 100 | 1 | _aToledo Filho, D. | |
| 100 | 1 | _aMurgel, J.M. de T. | |
| 100 | 1 | _aSouza, W.M. de | |
| 100 | 1 | _aNeme, A.M. | |
| 111 | 1 |
_a4. Congresso Brasileiro de Floricultura e Plantas Ornamentais _cRio de Janeiro, RJ (Brazil) _d3-8 Oct 1983 |
|
| 245 | 1 | _aInfluencia da adubacao na formacao de mudas de plantas ornamentais - Tabebuia chrysotricha (Mart. Ex DC.)Standleu | |
| 260 | 3 |
_aBrasilia, DF (Brasil): _bEmpresa Brasileira de Pesquisa Agropecuaria, Departamento de Difusao de Tecnologia, _c1984. |
|
| 500 | _aAnais do 4. Congresso Brasileiro de Floricultura e Plantas Ornamentais Brasilia, DF (Brasil): Empresa Brasileira de Pesquisa Agropecuaria, Departamento de Difusao de Tecnologia, 1984. p. 165-177 (BR8802155-AM)F60 | ||
| 650 | _aIPE AMARELO | ||
| 650 | _aADUBACAO | ||
| 650 | _aMUDA | ||
| 773 | 0 |
_tAnais do 4. Congresso Brasileiro de Floricultura e Plantas Ornamentais _wF60 BR8802155 _gBrasilia, DF (Brasil), 1984. p. 165-177 |
|
| 909 |
_a202404 _bLucia _c55 _dLucia Elande |
||
| 942 |
_cAM _2AGRIS |
||
| 999 |
_c319118 _d319118 |
||